000
00250nam a22001217a 4500
003
SGT
082
_a
820
_b
B14M
100
_a
MALLIKARJUNA, IYTHA
245
_a
BHARAT THAT IS INDIA
260
_b
EKAL SANSTHAN
_c
2014
300
_a
192
942
_2
ddc
_c
BK
999
_c
30907
_d
30907